| 000 | 00600nam a22002057a 4500 | ||
|---|---|---|---|
| 999 |
_c172458 _d172458 |
||
| 005 | 20200205160748.0 | ||
| 010 | _aENG-127649 | ||
| 020 |
_a9789353433048 _c549.00 |
||
| 035 | _aEN-111181 | ||
| 037 | _bDBAD/PUB | ||
| 082 | _a512.5 | ||
| 100 | _aBretscher,Otto | ||
| 245 |
_aLinear Algebra with Applications/ _bby Otto Bretscher |
||
| 250 | _a5th | ||
| 260 |
_aNoida _bPearson _c2019 |
||
| 270 |
_bNoida _a15th floor,Tower-B,World Trade Tower,plot no.1,Block-c,sector 16 _e201301 |
||
| 300 |
_axv;508p. _b23cm(pbk) |
||
| 500 | _ainclude index | ||
| 942 |
_2ddc _cEN _h512.5 _mBRE |
||